| 000 | 03154nam0a2200361 i 4500 | ||
|---|---|---|---|
| 001 | RU\NLR\BIBL_A\011446103 | ||
| 005 | 20240921135942.0 | ||
| 010 |
_a9785000630105 _9300 |
||
| 021 |
_aRU _b2017-48598 _93485 |
||
| 035 | _a(RuMoRGB)008928907 | ||
| 035 | _a(NLR Aleph) 011446103 | ||
| 090 |
_a11728296 _c11728296 |
||
| 100 | _a20170728d2016 km y0rusy50 ca | ||
| 101 | 0 | _arus | |
| 102 | _aRU | ||
| 105 | _aa|||z|||000zy | ||
| 200 | 1 |
_aИнформационные технологии, компьютерное моделирование и технические средства обучения и тренировки в сфере физической культуры и спорта _eматериалы IV всероссийской научно-практической конференции, 9-11 декабря 2015 г. _f[редакторы-составители: к.п.н., доц. Хасин Л. А., Аткишкина Т. Д.] |
|
| 210 |
_aМалаховка _cМосковская государственная академия физической культуры _d2016 |
||
| 215 |
_a236 с. _cил., табл. _d21 |
||
| 300 | _aВ надзаг.: Министерство спорта Российской Федерации, ФГБОУ ВО "Московская государственная академия физической культуры" (МГАФК), Научно-исследовательский институт информационных технологий Московской государственной академии физической культуры (НИИТ МГАФК) | ||
| 300 | _aНа обл.: Научно-исследовательскому институту информационных технологий Московской государственной академии физической культуры (НИИТ МГАФК - 20 лет) | ||
| 320 | _aБиблиогр. в конце ст. | ||
| 606 | 1 |
_aФизическая культура и спорт _jСъезды, совещания и т.п _xИнформационные технологии _92113807 _3RU\NLR\AUTH\661580715 |
|
| 606 | 1 |
_aФизическая культура и спорт _jСъезды, совещания и т.п _xИспользование технических средств _91844945 _3RU\NLR\AUTH\661126970 |
|
| 686 | 1 | _aЧ51в612я431 | |
| 686 | 1 | _aЧ51с.я431 | |
| 702 | 1 |
_aХасин _bЛ. А. _gЛеонид Александрович _4340 _4220 |
|
| 711 | 1 | 2 |
_a"Информационные технологии, компьютерное моделирование и технические средства обучения и тренировки в сфере физической культуры и спорта", всероссийская научно-практическая конференция _d4 _eпос. Малаховка, Московская обл. _f2015 _9564737 _3RU\NLR\AUTH\880450569 |
| 942 | _cBOOK | ||
| 980 | _aNBR | ||